<?xml version="1.0" encoding="UTF-8"?><?xml-stylesheet type="text/xsl" href="static/style.xsl"?><OAI-PMH xmlns="http://www.openarchives.org/OAI/2.0/" xmlns:xsi="http://www.w3.org/2001/XMLSchema-instance" xsi:schemaLocation="http://www.openarchives.org/OAI/2.0/ http://www.openarchives.org/OAI/2.0/OAI-PMH.xsd"><responseDate>2026-06-02T02:50:06Z</responseDate><request verb="GetRecord" identifier="oai:riuma.uma.es:10630/16296" metadataPrefix="marc">https://riuma.uma.es/rest/oai/request</request><GetRecord><record><header><identifier>oai:riuma.uma.es:10630/16296</identifier><datestamp>2026-02-03T12:23:11Z</datestamp><setSpec>com_10630_2254</setSpec><setSpec>col_10630_37959</setSpec></header><metadata><record xmlns="http://www.loc.gov/MARC21/slim" xmlns:dcterms="http://purl.org/dc/terms/" xmlns:doc="http://www.lyncode.com/xoai" xmlns:xsi="http://www.w3.org/2001/XMLSchema-instance" xsi:schemaLocation="http://www.loc.gov/MARC21/slim http://www.loc.gov/standards/marcxml/schema/MARC21slim.xsd">
   <leader>00925njm 22002777a 4500</leader>
   <datafield ind2=" " ind1=" " tag="042">
      <subfield code="a">dc</subfield>
   </datafield>
   <datafield ind2=" " ind1=" " tag="720">
      <subfield code="a">Calleja-Reina, Marina</subfield>
      <subfield code="e">author</subfield>
   </datafield>
   <datafield ind2=" " ind1=" " tag="260">
      <subfield code="c">2018-07-17</subfield>
   </datafield>
   <datafield ind2=" " ind1=" " tag="520">
      <subfield code="a">•	EC+ es una aplicación para tabletas y móviles del entorno Androit e IOS, cuya finalidad es servir de dispositivo de CAA de alto nivel tecnológico partiendo de los supuestos de la comunicación total (pictogramas, signos manuales, fotografías y palabras) destinada a profesionales del ámbito de la Salud, Educación, cuidadores y familiares de sujetos con DIS + NCC. &#xd;
•	¿De dónde surge?&#xd;
•	EC+ surge de un proyecto Europeo titulado Enhancing Communication: Research to Improve Communication for People with Special Needs and Development of ICT Resources and Tools.&#xd;
•</subfield>
   </datafield>
   <datafield ind1="8" ind2=" " tag="024">
      <subfield code="a">https://hdl.handle.net/10630/16296</subfield>
   </datafield>
   <datafield tag="653" ind2=" " ind1=" ">
      <subfield code="a">Aplicaciones informáticas para personas con discapacidad</subfield>
   </datafield>
   <datafield ind2="0" ind1="0" tag="245">
      <subfield code="a">EC+: una app para mejorar la competencia comunicativa en personas con Discapacidad Intelectual Profunda</subfield>
   </datafield>
</record>
</metadata></record></GetRecord></OAI-PMH>